Der Logaritmische Rechenschieber (Record no. 5411)

MARC details
000 -CABECERA
campo de control de longitud fija 00616nam a2200217 a 4500
001 - NÚMERO DE CONTROL
campo de control BRCA_5721
005 - FECHA Y HORA DE LA ÚLTIMA TRANSACCIÓN
campo de control 20190320205206.0
008 - DATOS DE LONGITUD FIJA--INFORMACIÓN GENERAL
campo de control de longitud fija 030311s1906----gw-a######---#000-0#ger-#
041 ## - CÓDIGO DE LENGUA
Código de lengua del texto/banda sonora o título independiente ger
044 ## - CÓDIGO DEL PAÍS DE LA ENTIDAD EDITORA/PRODUCTORA
Código MARC del país gw
050 #4 - SIGNATURA TOPOGRÁFICA DE LA BIBLIOTECA DEL CONGRESO
Número de clasificación QA55
Número de documento/Ítem .L34 1906
100 1# - ENTRADA PRINCIPAL--NOMBRE DE PERSONA
Nombre de persona Lahr Nestler, Albert
9 (RLIN) 14522
245 10 - MENCIÓN DE TÍTULO
Título Der Logaritmische Rechenschieber
Mención de responsabilidad, etc. Albert Lahr Nestler.
260 ## - PUBLICACIÓN, DISTRIBUCIÓN, ETC.
Lugar de publicación, distribución, etc. Berlín
Nombre del editor, distribuidor, etc. Albert Nestler Lahr
Fecha de publicación, distribución, etc. 1906
300 ## - DESCRIPCIÓN FÍSICA
Extensión 58 p.
Otras características físicas il.
Dimensiones 23 cm.
500 ## - NOTA GENERAL
Nota general Estado físico: cubierta desprendida del cuadernillo
500 ## - NOTA GENERAL
Nota general H41
650 14 - PUNTO DE ACCESO ADICIONAL DE MATERIA--TÉRMINO DE MATERIA
Término de materia o nombre geográfico como elemento de entrada Cálculo logarítmico
Subdivisión geográfica Alemania
9 (RLIN) 14523
902 ## - CATALOGADOR
Iniciales GFM
942 ## - ELEMENTOS DE PUNTO DE ACCESO ADICIONAL (KOHA)
Fuente del sistema de clasificación o colocación Library of Congress Classification
Tipo de ítem Koha Libros
Holdings
Estado de retiro Estado de pérdida Estado dañado No para préstamo Localización permanente Ubicación/localización actual Fecha de adquisición Número de inventario Total de préstamos Signatura topográfica completa Código de barras Fecha visto por última vez Precio válido a partir de Tipo de ítem Koha
El ejemplar forma parte de la colección y puede ser consultado según las políticas vigentes.       Biblioteca del Museo Franz Mayer (Rogerio Casas-Alatriste) Biblioteca del Museo Franz Mayer (Rogerio Casas-Alatriste) 03/03/2011 H41   QA55 .L34 1906 (H41) 6157 22/03/2019 22/03/2019 Libros